Contabilidad de costos: conceptos y aplicaciones para la toma de decisiones gerenciales

Guardat en:
Dades bibliogràfiques
Autors principals: Polimeni, Ralph S (Autor), Fabozzi, Frank J (Autor), Adelberg, Arthur H (Autor)
Format: Llibre
Idioma:espanyol
Publicat: Bogotá McGraw-Hill 1989
Matèries:
Etiquetes: Afegir etiqueta
Sense etiquetes, Sigues el primer a etiquetar aquest registre!

MARC

LEADER 00000nam a2200000 a 4500
001 UCW2765
003 CL-VaPUC
008 900103e19890000CK |||||||||||||||||spa|d
082 0 4 |a 657.42  |b POL  |2 21 
100 0 |a Polimeni, Ralph S  |e author  |9 307047 
700 0 |a Fabozzi, Frank J  |e author  |9 307048 
700 0 |a Adelberg, Arthur H  |e author  |9 307049 
245 1 0 |a Contabilidad de costos: conceptos y aplicaciones para la toma de decisiones gerenciales 
300 |a 869 p 
942 |c BK 
945 |d 19900103 00:00:00 
260 |a Bogotá  |b McGraw-Hill  |c 1989 
650 0 |a Contabilidad de costos   |9 260564 
583 |a last modification  |c 19900103 00:00:00  |k Rodrigo Vera 
999 |c 217218  |d 217216